[Event "Dilijan FIDE GP (Women)"]
[Site "Dilijan"]
[Date "2013.06.19"]
[Round "4"]
[White "Koneru, Humpy"]
[Black "Kosintseva, Tatiana"]
[Result "1-0"]
[WhiteElo "2597"]
[BlackElo "2526"]
[Annotator "Mikhalchishin,A"]
[PlyCount "51"]
[EventDate "2013.06.16"]
[EventType "tourn"]
[EventRounds "11"]
[EventCountry "ARM"]
[EventCategory "11"]
[SourceTitle "CBM 155"]
[Source "ChessBase"]
[SourceDate "2013.07.16"]
[SourceVersion "1"]
[SourceVersionDate "2013.07.16"]
[SourceQuality "1"]

1. d4 Nf6 2. c4 e6 3. Nf3 d5 4. Nc3 Be7 5. Bf4 O-O 6. Qc2 {This is a slightly
different approach. The usual move is 6.e3.} c5 7. dxc5 Na6 8. e3 ({Another
option is} 8. cxd5 Nxd5 ({Better is} 8... Nb4) 9. Nxd5 (9. Rd1 $14) 9... Qxd5
10. a3 Qxc5 11. Rc1 Bd7 12. Qd2 Qd5 13. Qxd5 exd5 14. g3 Rac8 15. Bg2 Rxc1+ 16.
Bxc1 Bf6 17. O-O Rc8 $11 {Dreev,A (2606)-Ponomariov,R (2706)/Villarrobledo 2007
}) 8... dxc4 ({A more logical try seems to be} 8... Nxc5 9. Be2 dxc4 (9... b6
10. O-O Bb7 11. Rfd1 Rc8 12. Ne5 $14 {Atalik,S}) 10. Bxc4 a6 11. Rd1 (11. a4
Bd7 (11... b6 12. O-O Bb7 13. Rfd1 (13. Ne5) 13... Qc8 14. Qe2 Qc6 15. b4 $146
(15. h3) (15. Qf1) 15... Nb3 16. b5 Qc5 17. Bxb3 Qxc3 18. Nd4 Rfc8 19. Rab1
axb5 20. Nxb5 Qc6 21. f3 Nd5 22. Be5 Bc5 23. Bd4 Bxd4 24. Rxd4 Nc3 25. Nxc3
Qxc3 26. Qd2 Qxd2 27. Rxd2 g6 28. Bd1 Bc6 29. Rxb6 {1/2 Sokolov,I (2654)
-Onischuk,A (2699)/Poikovsky 109/240 2010}) 12. O-O Bc6 13. Rfd1 Qa5 14. Nd4
Rfc8 15. Nxc6 Rxc6 16. h3 $2 (16. Be2 Nce4 17. Bf3) 16... Rac8 17. Bb5 Rb6 18.
Be2 Nce4 {Le Quang,L (2705)-Short,N (2690)/Caleta 2013; with a very
comfortable play.}) 11... Qa5 12. Ne5 Nce4 13. O-O Nxc3 14. bxc3 Qc5 15. Be2
Nd5 16. c4 Nxf4 17. exf4 b6 18. Qb3 Bd6 19. Bf3 Ra7 20. Rfe1 Rc7 {Mamedyarov,S
(2766)-Ponomariov,R (2733)/Zug 2013. Black has no problem.}) 9. Bxc4 Nb4 {
This is more logical than} (9... Nxc5 10. Rd1 Qa5 11. O-O a6 12. a3 b5 13. Be2
b4 14. axb4 (14. Ne5 $1) 14... Qxb4 15. Ne5 Bb7 16. Rd4 Qb3 17. Qb1 Nd5 18.
Nxd5 Bxd5 19. e4 {Quintiliano Pinto,R (2243)-Pereira,A (1991)/Sao Jose dos
Campos 2012. White kept strong pressure.} Bb7 20. Rc1) 10. Qb3 (10. Qe2 {
was possible.}) 10... Bxc5 ({Black would have serious development problems
after} 10... Nd3+ 11. Bxd3 Qxd3 12. Rd1 Qg6 (12... Qa6 13. Bd6) 13. O-O Bxc5
14. Ne5) 11. O-O Qe7 ({White would have long standing pressure in the ending
after} 11... Nbd5 12. Be5 Nxc3 13. Qxc3 Qe7 14. Rad1 b6 15. a3 a5 16. Qd3 Bb7
17. Bd6 Bxd6 18. Qxd6 Qxd6 19. Rxd6) 12. Rfd1 Nc6 ({It was possibly better to
sacrifice a pawn for the bishop pair, which Muzychuk did successfully against
Koneru.} 12... b6 13. a3 Nbd5 14. Nxd5 Nxd5 15. Bxd5 exd5 16. Qxd5 Bb7 17. Qf5
Rad8) 13. Qc2 ({Here a more dynamic option was} 13. Bg5 Na5 14. Qa4 Nxc4 15.
Qxc4 b6 16. Ne4) 13... Bd7 ({It was better to try to exchange one of the
opponent's bishops:} 13... Nh5 14. Bg5 f6 15. Bh4 g5 16. Bg3 Nxg3 17. hxg3 Bb6
18. Rac1 Bd7) 14. Bg5 (14. a3 {was not bad:} Rfd8 15. Ne4 Nxe4 16. Qxe4) 14...
Rfd8 15. Ne4 Bb6 ({White kept a huge advantage after} 15... Nb4 16. Qe2 Ba4 17.
Rxd8+ Rxd8 18. Ne5) 16. Bh4 $1 h6 17. Nxf6+ gxf6 18. Nd2 $1 {Koneru simply
transfers the knight to the attack. Black is helpless.} Nb4 19. Qc3 Ba4 20. Ne4
$1 {The exchange is not important - White's attack is unstoppable.} Rxd1+ 21.
Rxd1 Bxd1 22. Nxf6+ Qxf6 ({Or} 22... Kh8 23. Nd7+ Kg8 24. Bxe7) 23. Bxf6 Nc6
24. e4 Kh7 25. Qd3 Bh5 26. Bxe6 1-0

[Event "RUS-ch (Women) 65th"]
[Site "Chita"]
[Date "2015.08.19"]
[Round "10"]
[White "Savina, Anastasia"]
[Black "Bodnaruk, Anastasia"]
[Result "0-1"]
[WhiteElo "2429"]
[BlackElo "2431"]
[Annotator "Mokal,A"]
[PlyCount "64"]
[EventDate "2015.08.09"]
[EventType "tourn"]
[EventRounds "11"]
[EventCountry "RUS"]
[EventCategory "9"]
[SourceTitle "EXT 2016"]
[Source "ChessBase"]
[SourceDate "2015.10.08"]
[SourceVersion "1"]
[SourceVersionDate "2015.10.08"]
[SourceQuality "1"]

1. d4 Nf6 2. c4 e6 3. Nc3 Bb4 4. e3 O-O 5. Bd3 d5 6. Nf3 c5 7. O-O Nc6 8. cxd5
exd5 9. dxc5 Bxc5 10. h3 Qe7 11. Nb5 (11. b3 {is the main move here.}) 11...
Ne4 12. Nbd4 Bd6 13. Nxc6 bxc6 14. Qc2 Bd7 15. b3 f5 (15... Ng5 $2 {would not
work} 16. Nxg5 Qe5 (16... Qxg5 17. Bxh7+ $14) 17. Bxh7+ Kh8 18. f4 $1 Qxa1 19.
Bb2 Qxa2 20. Bxg7+ Kxg7 21. Qxa2 $18) 16. Bb2 f4 (16... Rae8 {would have been
better.}) 17. Bxe4 (17. Rfe1 $142 $1 {a calm little move which helps White to
fight for an advantage.} Rae8 18. Rad1 fxe3 19. Rxe3 Bc5 20. Bd4 Bxd4 21. Nxd4
Qf6 22. Bxe4 Rxe4 23. Rxe4 dxe4 24. b4 $14) 17... dxe4 18. Nd2 {With two
bishops aiming towards the white king and the queen and rook ready to join in
the battle, Black has dangerous attacking possibilities.} Bxh3 $1 (18... f3 $5
{looked tempting too.} 19. Nxe4 (19. Qxe4 fxg2 20. Kxg2 $2 (20. Qxg2 Rf5 $44 {
with a very complicated game}) 20... Qg5+ 21. Kh1 Qh6 22. h4 Rae8 {The queen
has no good square from where h4 could be protected.} 23. Qd4 Be5 $19 {[%csl
Rb2]}) 19... fxg2 20. Rfd1 Bc7 (20... Bf5 $2 21. Qc4+ {[%csl Rd6]} Be6 22. Qxc6
$16) 21. Ng5 {[%csl Gb2,Gc2,Gg5,Rg7,Rh7]} Bf5 22. Qxc6 $14 {And White manages
to survive and can claim a small edge.}) 19. gxh3 (19. Nxe4 {was possible and
maybe the best.} Bxg2 $5 20. Kxg2 $2 (20. Qc4+ $142 Kh8 21. Kxg2 f3+ 22. Kh3
Qd7+ 23. Kh4 {would convert in the game}) 20... f3+ 21. Kh3 (21. Kg1 Bh2+ 22.
Kh1 Qh4 $19) 21... Qe6+ (21... Rf5 $4 22. Nxd6 Rh5+ 23. Kg4 {[%cal Gg4f3,Gg4h5]
} Rg5+ 24. Kxf3 $18) 22. Kh4 Qh6+ 23. Kg4 Qg6+ 24. Kh4 Be7+ 25. Kh3 Qg2#) (19.
Qxe4 $6 Qg5 20. Qf3 $8 fxe3 21. Qxh3 exf2+ 22. Rxf2 (22. Kh1 Qxd2 $19) 22...
Bc5 23. Qe6+ Kh8 24. Ne4 Bxf2+ 25. Nxf2 Rxf2 26. Kxf2 Qd2+ 27. Kg1 (27. Qe2 $4
Rf8+ $19) 27... Qxb2 $15 {With better chances for Black because of White's
vulnerable king.}) 19... Qg5+ 20. Kh1 Qf5 $1 (20... f3 $4 {Black cannot forget
his own weaknesses while attacking.} 21. Rg1 $1 Qh4 22. Rxg7+ $18) (20... Qh4
$4 21. Qc4+ Kh8 22. Qe6 $1 $18 {And White is able to defend her weaknesses.}) (
20... Qh6 $17 {keeping control of the e6 square is equally good.}) 21. Qc4+ (
21. Nxe4 {is maybe the best practical try where Black needs to be accurate.}
Qxh3+ 22. Kg1 Qg4+ $1 (22... f3 $2 {doesnt work as White has a beautiful
problem-like draw.} 23. Qc4+ Kh8 24. Bxg7+ Kxg7 25. Qd4+ Kg8 (25... Kf7 26.
Ng5+ $18) 26. Qc4+ Kg7 (26... Rf7 $4 27. Qxf7+ Kxf7 28. Ng5+ $18) 27. Qd4+ $11)
23. Ng3 (23. Kh1 Qh5+ 24. Kg1 f3 25. Qc4+ Rf7 $19) 23... fxg3 24. Qc4+ Qxc4 25.
bxc4 gxf2+ 26. Rxf2 Rad8 $17) 21... Rf7 $2 (21... Kh8 $142 22. Kg1 Qxh3 23.
Nxe4 Rae8 (23... f3 $2 24. Bxg7+ Kxg7 25. Qd4+ Kg8 $11 {converts to the same
idea that we have seen before.}) 24. Nxd6 Re6 $19) 22. Nxe4 Re8 (22... Qxh3+
23. Kg1 {[%cal Ge4g5,Ge4d6,Gc4f7]} Raf8 24. f3 $14) 23. Nxd6 Qxh3+ 24. Kg1 Qg4+
(24... Re6 25. Qxe6 Qxe6 26. Nxf7 Kxf7 27. exf4 Qg4+ 28. Kh1 Qh3+ $11) 25. Kh2
Qh5+ 26. Kg2 (26. Kg1 Qg4+ $11) 26... f3+ 27. Kg3 Qg6+ 28. Qg4 $4 (28. Kh4 $8 {
was the only move to stay in the game. Surprisingly there is no way for Black
to mate the daring king.} Qxd6 29. Kh3 Re6 {Diagram [#]} 30. Bxg7 $1 {An
important resource taking control of the h6 square.} Kxg7 (30... Rxg7 31. Rad1
Qe5 32. Rd8+ Kf7 33. Rd7+ Kf8 34. Rxg7 Rh6+ 35. Kg4 Kxg7 36. Kxf3 $14) 31. Qd4+
Qxd4 32. Rg1+ $1 (32. exd4 $4 Rh6+ 33. Kg3 Rg6+ 34. Kh4 Rf4+ 35. Kh3 Rf5 36.
Kh4 Kh6 $19 {followed by mate on the next move is a very nice variation.})
32... Kf8 33. exd4 $11 {Only after extremely accurate play could White have
held the game.}) 28... Qxd6+ 29. Kh3 Re6 $1 {it's all over now.} 30. Rad1 Rh6+
31. Qh4 Rxh4+ 32. Kxh4 Qh2+ {A game filled with many inaccuracies but that is
what makes chess interesting. When your opponent makes a practical sacrifice
and you have the clock running on the side it is extremely difficult to show
computer like accuracy.} 0-1

[Event "WchT 10th"]
[Site "Tsaghkadzor"]
[Date "2015.04.19"]
[Round "1.2"]
[White "Ding, Liren"]
[Black "Shankland, Samuel L"]
[Result "1-0"]
[WhiteElo "2755"]
[BlackElo "2661"]
[Annotator "Mokal,P"]
[PlyCount "149"]
[EventDate "2015.04.19"]
[EventType "team-tourn"]
[EventRounds "9"]
[EventCountry "ARM"]
[SourceTitle "CBM 166"]
[Source "ChessBase"]
[SourceDate "2015.05.11"]
[SourceVersion "1"]
[SourceVersionDate "2015.05.11"]
[SourceQuality "1"]
[WhiteTeam "China"]
[BlackTeam "US of America"]
[WhiteTeamCountry "CHN"]
[BlackTeamCountry "USA"]

1. c4 e6 2. d4 d5 3. Nf3 Nf6 4. Nc3 Be7 5. Bf4 {This popular variation has
been in the news during the last few months due to Vishy Anand's exploits at
the highest level. His convincing victiories against Carlsen and Nakamura have
left a strong impression on the mind.} O-O 6. e3 Nbd7 (6... c5 {is the other
main line.}) 7. c5 Nh5 8. b4 ({Another move order to reach the popular
position in the game is} 8. Bd3 Nxf4 9. exf4 b6 10. b4 c6 {and so on.}) 8...
Nxf4 9. exf4 c6 10. Bd3 b6 11. O-O a5 12. a3 Ba6 13. Bxa6 ({A top level game
continued} 13. Na4 Bf6 14. Ne5 Bxe5 15. fxe5 Bxd3 16. Qxd3 axb4 17. axb4 bxc5
18. Nxc5 Nxc5 19. bxc5 Rxa1 20. Rxa1 f6 21. Qe3 fxe5 22. Qxe5 Qf6 $11 {1/2-1/2
Aronian,L vs Kramnik, Moscow 2014; and after all the simplifications White's
advantage was too slight to bring the full point.}) 13... Rxa6 14. Qe2 Ra8 15.
Ne5 $146 (15. g3 Bf6 16. Qc2 Qc8 17. Rfc1 Qa6 18. Rab1 axb4 19. axb4 Qc4 20.
Nd2 (20. Qd1 $5) 20... Qa6 21. Nf3 bxc5 22. bxc5 Rfb8 23. Ne2 g6 $11 {1-0
Bryzgalin vs Schroeder, Dresden GER 2013}) 15... Nxe5 16. fxe5 b5 17. Rab1 {
An interesting subtlety. Convincingly provoking Black to take ...axb4.} (17.
Rfb1 $5 {may not be that effective as a provocation. For example} Qc7 18. a4
axb4 19. Rxb4 bxa4 20. Nxa4 (20. Raxa4 Rxa4 21. Rxa4 (21. Nxa4 Qa5 $11) 21...
Rb8 $11) 20... Rfb8 $11 {[%cal Ga8a1]}) 17... axb4 ({White has a nice idea up
his sleeve if Black does not take} 17... Qc7 18. a4 $1 axb4 19. Rxb4 bxa4 20.
Nxa4 $14 {[%csl Gb6][%cal Ga4b6]}) 18. axb4 Qd7 19. Ra1 Ra7 20. Ra2 Rfa8 21.
Rfa1 Qb7 22. Qb2 Ra6 23. g3 f5 {It would be interesting to see how the play
would have developed without this move.} ({For example} 23... R8a7 24. Rxa6 (
24. Kg2 Qa8 25. Rxa6 Rxa6 26. Rxa6 Qxa6 27. Ne2 Qa4 28. Ng1 Qd1 29. Nf3 h6 30.
Qa3 Qa4 $11) 24... Rxa6 25. Rxa6 Qxa6 26. f4 g6 27. Qa2 Qxa2 28. Nxa2 g5 29.
Nc1 Kf8 30. Nb3 Ke8 (30... Bd8 $4 31. Na5 $18) 31. fxg5 (31. Na5 Kd7 32. Nb7 f5
33. Kg2 (33. fxg5 Bxg5 {[%csl Rb4,Rd4][%cal Gg5e3,Ge3d2]}) 33... g4 34. h3 h5
35. h4 Bd8 36. Nd6 Be7 37. Nf7 Bd8 38. Ng5 Be7 39. Nh7 Ke8 $11) 31... Bxg5 32.
h4 Be3+ 33. Kg2 Kd7 34. Kf3 Bg1 $11 {White has too many pawns fixed on the
dark squares.}) 24. exf6 Bxf6 ({It was worth considering to take on a2 first
so that the White N's route gets predefined.} 24... Rxa2 25. Rxa2 Rxa2 26. Nxa2
(26. Qxa2 Bxf6 27. Ne2 e5 $11) 26... Bxf6 27. Nc1 {[%cal Gc1b3] Instead of f3
as in the game, the White N now has to come to b3. But still White has some
chances to exert pressure, due to the possibility of a N move to a5.}) 25. Rxa6
Rxa6 26. Ne2 Qa8 (26... Ra4 $6 {allows White to redirect his R with} 27. Re1 $1
$14 {[%cal Ge1e6]} (27. Rxa4 $6 bxa4 $15)) 27. Rxa6 Qxa6 28. Kg2 $1 {[%cal
Ge2g1,Gg1f3] /\Ng1-f3. White finds a nice way to improve the N. Black must
also beware the famous Q+N combination .} Qa8 ({Black cannot prevent the N
manoeuvre. For example} 28... g5 29. Ng1 g4 $2 30. Qe2 $18 {[%csl Re6,Rg4]})
29. Ng1 $1 (29. Nf4 {allows Black to achieve the only respectable counterplay
left for him} Qe8 {[%cal Ge6e5] /\...e5.} 30. Qa1 (30. Qe2 Bxd4 31. Nxe6 (31.
Qxe6+ Qxe6 32. Nxe6 Bc3 33. Nd8 Bxb4 34. Nxc6 Bxc5 $19) 31... Bc3 $17) 30... e5
31. dxe5 Bxe5 $36) 29... Qa4 30. Nf3 g5 $2 {This move is bad although it was
hard to suggest anything for Black.} (30... Qd1 $2 31. Qa3 Qa4 32. Qe3 Kf7 33.
Qf4 {[%cal Gf3g5,Gf4c7]} Qa7 34. Ne5+ $18) ({If Black plays passive waiting
moves, White does have constructive plans to push home his slight advantage.
For example, let us have a look at an unforced variation} 30... Qa8 31. Qe2 Kf7
32. Qe3 Qb8 (32... h6 33. h4 Qc8 34. Ne5+ (34. g4 $2 e5) 34... Bxe5 35. Qxe5
$14) 33. g4 g6 (33... h6 $6 34. h4 {[%csl Ge5]} Qe8 35. g5 hxg5 36. hxg5 Bd8
37. Ne5+ Kg8 38. g6 Bf6 39. Qh3 Kf8 40. Qh8+ Ke7 41. Qxe8+ Kxe8 42. Nxc6 $18)
34. h4 Qc8 35. Qf4 $14) 31. Qe2 Kf7 32. Qd3 $6 {White misses a great
opportunity.} (32. Ne5+ $142 Bxe5 (32... Kg7 33. Nxc6 $18) 33. dxe5 {[%cal
Ge2h5]} Qxb4 (33... Kg6 34. Qg4 $18 {[%cal Gg4e6]}) 34. Qh5+ Kg7 (34... Kf8 35.
Qh6+ $18 {[%cal Gh6e6,Gh6h7,Gh6g5] White will decide which pawn to take first
depending on where the Black K moves.}) 35. Qxg5+ Kf8 36. Qf6+ Kg8 37. Qxe6+
Kf8 38. Qf6+ Ke8 (38... Kg8 39. e6 Qe4+ 40. Kh3 {The position somehow reminds
me of the famous Botvinnik vs Capablanca duel from the year 1938.} Qg6 41. Qd8+
Kg7 42. Qd7+ Kf6 43. e7 $18) 39. Qxc6+ $18) 32... Kg7 33. Qe3 ({Ding Liren
could have returned to the previous variation after} 33. Qe2 Kf7 (33... Qxb4
34. Qxe6 Qb1 35. Qxc6 $18) 34. Ne5+ $18) 33... Kf7 34. Nxg5+ Bxg5 35. Qxg5 $14
{White still holds an advantage but things are now much more complicated.} Qxb4
36. Qh5+ Kg7 37. Qe5+ Kf7 38. Qc7+ Kf6 39. Qe5+ (39. Qxc6 Qxd4 40. Qxb5 h6 41.
h4 (41. c6 Qe4+ 42. Kg1 Qe1+ 43. Qf1 Qc3 $11) 41... Qe4+ 42. Kh2 Qc2 43. Kg1 d4
$11) 39... Kf7 40. g4 Qb1 41. Qc7+ Kf6 42. Qd8+ Kf7 43. Qd7+ Kf6 44. h4 Qe4+
45. Kg3 h6 46. Qe8 Kg7 47. Qe7+ (47. Qxc6 Qd3+ 48. f3 Qxd4 49. Qxe6 Qg1+ 50.
Kf4 Qxc5 $11) 47... Kg8 48. h5 b4 $2 (48... Qd3+ 49. Kh4 Qe4 50. Qe8+ Kg7 51.
Qxc6 Qf4 $11 {[%cal Gf4f2,Gf4h2]}) 49. Qd8+ Kg7 50. Qc7+ Kf6 51. Qb8 $1 {
[%cal Gb8b4,Gb8h8,Gh8d4]} Qd3+ 52. Kh4 ({A simpler way was} 52. f3 $142 {
[%cal Gb8f8] /\Qf8+ Kg5, Qe7#} Kg7 53. Qc7+ Kf6 (53... Kf8 54. Qd8+ Kf7 55.
Qd7+ Kf8 (55... Kf6 56. g5+ $1 hxg5 57. h6 $18) 56. Qxe6 Qxd4 57. Qxh6+ Kf7 58.
Qg6+ Ke7 59. Qd6+ Kf7 60. Qc7+ Kf8 61. h6 $18) 54. g5+ $1 {This is the key
move.} hxg5 (54... Kxg5 55. Qg7+ Kxh5 (55... Kf5 56. Qg6#) 56. Qg4#) 55. h6 $1
$18) 52... Kg7 53. Qb7+ Kf6 54. Qb8 Kg7 55. Qxb4 {A safer try especially when
one is short of time.} (55. Qc7+ Kf6 (55... Kf8 56. Qd8+ {is similar}) 56. Qd8+
Kf7 57. Qd7+ Kf6 (57... Kf8 58. Qxe6 Qxd4 59. Qxh6+ Ke7 60. Qd6+ Kf7 61. h6
Qxf2+ 62. Kh5 b3 63. h7 b2 64. Qd7+ $18 {[%cal Gh7h8]}) 58. Qe8 $1 Kg7 59. Qe7+
Kh8 60. Qxe6 Qxd4 61. Qxh6+ Kg8 62. f4 $18 {Of course all this can be found in
post-mortem analysis, but is not easy to see at the board. Black's main move
does not work here so White is winning.} b3 $2 63. Qe6+ Kh8 64. Qc8+ Kg7 65.
Qb7+ Kg8 66. Qb8+ Kg7 67. Qxb3 Qxf4 68. Qb7+ Kg8 69. Qxc6 d4 70. Qe8+ Kg7 71.
Qd7+ Kh8 72. c6 Qf6+ 73. Kg3 Qe5+ 74. Kh3 Qe3+ 75. Kh4 Qe1+ 76. Kg5 Qe3+ 77.
Kg6 Qe4+ 78. Kh6 Qf4+ 79. g5 Qf8+ 80. Kg6 Qg8+ 81. Kf5 Qf8+ 82. Ke4 $18) 55...
Qe4 56. Kg3 Qd3+ 57. f3 Qe3 58. Qb1 Kf6 59. Qg6+ Ke7 60. Qg7+ Ke8 61. Qg8+ Ke7
62. Qg7+ Ke8 63. Qe5 Qg1+ 64. Kh3 Qh1+ 65. Kg3 Qg1+ 66. Kf4 Qh2+ (66... Qc1+
67. Qe3 e5+ (67... Qxe3+ 68. Kxe3 Ke7 69. f4 $18) 68. dxe5 Qc2 (68... Qc4+ 69.
Kf5 d4 70. Qxh6 $18) 69. g5 Qh2+ 70. Kg4 Qg2+ 71. Kf5 d4 72. Qf4 d3 (72... hxg5
73. Qe4 Ke7 74. Qxc6 Qc2+ 75. Kxg5 Qg2+ 76. Kh6 Qd2+ 77. Kh7 Qc2+ 78. Kg7 Qg2+
79. Kh8 Qh2 80. Qd6+ Ke8 81. h6 Qh3 82. c6 Qf5 83. c7 $18) 73. e6 d2 74. Qb8+
Ke7 75. Qc7+ Ke8 76. Qd7+ Kf8 77. Qf7#) 67. Ke3 Qg1+ 68. Kd2 Qf2+ 69. Kc3 Qxf3+
$6 {If Black had not taken the pawn then the White K would not have moved
forward easily.} (69... Kf7 $142 70. Qc7+ (70. Kb4 Qb2+ 71. Ka4 Qa2+ $11) (70.
f4 Qf1 71. Qc7+ Kf8 72. Qxc6 Qc4+ 73. Kb2 Qxd4+ $11) 70... Kf6 71. Qf4+ Kg7 72.
Kb3 Qg1 $14) 70. Kb4 Qxg4 (70... Kf7 71. Ka5 Qb3 72. Ka6 Qb1 (72... Qb4 73. g5
hxg5 74. h6 $18) (72... Qb5+ 73. Ka7 Qa5+ 74. Kb7 Qd8 75. Kxc6 Qa8+ 76. Kc7
Qa7+ 77. Kc8 Qa8+ 78. Qb8 Qc6+ 79. Qc7+ $18) 73. Qc7+ Kf6 74. Qxc6 Qa1+ 75. Kb7
Qxd4 76. Qb5 Qe4 77. c6 d4 78. Kb8 d3 79. c7 d2 80. Qf1+ Kg5 81. c8=Q $18) 71.
Ka5 Qf5 72. Qc7 Qxh5 73. Qxc6+ Ke7 74. Qd6+ Kf6 75. c6 1-0

[Event "EU-ch 6th"]
[Site "Warsaw"]
[Date "2005.06.22"]
[Round "5"]
[White "Williams, Simon Kim"]
[Black "Lanzani, Mario"]
[Result "1/2-1/2"]
[WhiteElo "2466"]
[BlackElo "2356"]
[Annotator "Mueller,Karsten"]
[PlyCount "98"]
[EventDate "2005.06.18"]
[EventType "swiss"]
[EventRounds "13"]
[EventCountry "POL"]
[SourceTitle "CBM 108"]
[Source "ChessBase"]
[SourceDate "2005.09.26"]
[SourceVersion "1"]
[SourceVersionDate "2005.09.26"]
[SourceQuality "1"]

{[%mdl 32768]} 1. d4 d5 2. c4 e6 3. Nc3 Be7 4. Nf3 Nf6 5. Bf4 O-O 6. e3 c5 7.
dxc5 Bxc5 8. cxd5 Nxd5 9. Nxd5 exd5 10. a3 Nc6 11. Bd3 Bd6 12. Qa4 Bxf4 13.
Qxf4 d4 14. O-O dxe3 15. Rad1 Qf6 16. fxe3 Qxf4 17. exf4 Bg4 18. Bc4 Bxf3 19.
Rxf3 Rfd8 20. Bd5 Kf8 21. Rfd3 Rac8 22. b4 b6 23. Kf2 a5 24. b5 Nb8 25. Kf3 Ke7
26. g4 Rd6 27. g5 Nd7 28. Bc6 Rxd3+ 29. Rxd3 Nc5 30. Re3+ Kd6 31. h4 Rf8 32. f5
f6 33. Kg4 Rf7 34. g6 hxg6 35. fxg6 f5+ 36. Kg5 Rf8 37. h5 f4 38. Re1 f3 39. h6
Ne6+ 40. Rxe6+ Kxe6 41. hxg7 Rg8 42. Bxf3 Rxg7 43. Bd1 Ke7 44. Bb3 Kf8 45. Kf6
{[%tqu "De","Schwarz steht mit dem Rücken zur Wand. Kann er noch
entschlüpfen?","","","a5a4","",5]} a4 $3 (45... Rf7+ $2 46. Bxf7 (46. gxf7 $4
a4 $11) 46... a4 47. g7#) 46. Bxa4 (46. Bc4 Rf7+ $11) 46... Rf7+ 47. Ke6 (47.
gxf7 {stalemate Patt}) 47... Ra7 48. Bc2 Rxa3 49. Kd6 Rc3 1/2-1/2

[Event "St Petersburg-ch"]
[Site "St Petersburg"]
[Date "2003.04.24"]
[Round "9"]
[White "Praslov, Andrey"]
[Black "Lugovoi, Aleksei"]
[Result "0-1"]
[WhiteElo "2417"]
[BlackElo "2563"]
[Annotator "Mueller,Karsten"]
[PlyCount "124"]
[EventDate "2003.04.16"]
[EventType "tourn"]
[EventRounds "13"]
[EventCountry "RUS"]
[EventCategory "11"]
[SourceTitle "CBM 095"]
[Source "ChessBase"]
[SourceDate "2003.07.25"]
[SourceVersion "1"]
[SourceVersionDate "2003.07.25"]
[SourceQuality "1"]

1. d4 Nf6 2. c4 e6 3. Nf3 d5 4. Nc3 Be7 5. Bf4 O-O 6. e3 Nbd7 7. c5 c6 8. b4 b6
9. Bd3 a5 10. a3 Ba6 11. O-O Qc8 12. h3 Qb7 13. Qc2 Bxd3 14. Qxd3 Ra6 15. b5
Raa8 16. bxc6 Qxc6 17. cxb6 Rac8 18. Rfc1 Nxb6 19. Ne5 Qa8 20. Ne2 Rxc1+ 21.
Rxc1 Rc8 22. Qb5 Nc4 23. a4 Rb8 24. Qc6 Ba3 25. Qxa8 Rxa8 26. Rc2 Rc8 27. f3 h6
28. Nxc4 dxc4 29. e4 Nd7 30. Bd2 Bb4 31. Bc3 Nb6 32. Ra2 Rd8 33. Kf2 Bxc3 34.
Nxc3 Rxd4 35. Rb2 Nd7 36. Rb5 Rd2+ 37. Ne2 Ra2 38. Rxa5 Nb6 39. Rc5 Rxa4 40.
Nc3 Ra3 41. Rc6 Rxc3 42. Rxb6 Rc2+ 43. Kg3 e5 44. Rb8+ Kh7 45. h4 h5 46. Rb7 f6
47. Rb8 c3 48. Rc8 Rc1 49. Rf8 c2 50. Rc8 g6 51. Rc7+ Kg8 52. Kh2 Kf8 53. Rc8+
Ke7 54. Rc3 g5 55. hxg5 fxg5 56. Kg3 g4 $1 {[%mdl 4096]} 57. fxg4 h4+ 58. Kh2 (
58. Kf2 Kf6 59. Rc5 Kg5 (59... h3 $2 60. Kg3 hxg2 61. Kxg2 $11) 60. Rxe5+ Kf4
61. Rc5 (61. Rf5+ Kxe4 62. Rc5 Kd3 63. Rd5+ Kc4 $19) 61... h3 62. gxh3 Rh1 63.
Rxc2 Rh2+ $19) 58... Kf6 59. Rc5 Kg6 60. g5 Kh5 61. g4+ hxg3+ 62. Kg2 {[%tqu
"En","Black to move and win","","","h5g6","",6,"De","Schwarz zieht und
gewinnt","","","h5g6","",6,"Fr","Les Noirs jouent et gagnent","","","h5g6","",
6]} Kg6 (62... Kxg5 $2 63. Rxe5+ Kf4 64. Rc5 Kxe4 65. Rc8 $11) 0-1